Logo BPK

Bibliografia Prac Pracowników

Politechniki Koszalińskiej

Z badań sprawności fizycznej studentek Wyższej Szkoły Inżynierskie w Koszalinie w układzie wydziałów w 1968 roku / (Rekord nr 7575)

Szczegóły MARC
000 -ETYKIETA REKORDU
podpole kontrolne o stałej długości 00803nab a22001937a 4500
003 - IDENTYFIKATOR NUMERU KONTROLNEGO REKORDU
podpole kontrolne BPK
005 - DATA OSTATNIEJ MODYFIKACJI REKORDU
podpole kontrolne 20160604115517.0
008 - POLE O STAŁEJ DŁUGOŚCI - DANE KONTROLNE
podpole kontrolne o stałej długości 160311b1977 pl ||||| |||| 00| ||pol
040 ## - ŹRÓDŁO KATALOGOWANIA
Instytucja, która utworzyła rekord BPK
080 ## - UNIWERSALNA KLASYFIKACJA DZIESIĘTNA - UKD
UKD 796
100 ## - NAZWA OSOBOWA
Nazwa osobowa WOJCIECHOWSKI, Leszek.
Lata pracy 1968 - 1996.
Instytucja Wyższa Szkoła Inżynierska w Koszalinie - Studium Wychowania Fizycznego i Sportu
245 ## - TYTUŁ/ODPOWIEDZIALNOŚĆ
Tytuł Z badań sprawności fizycznej studentek Wyższej Szkoły Inżynierskie w Koszalinie w układzie wydziałów w 1968 roku /
Pozostałe elementy strefy tytułu i oznaczenia odpowiedzialności Leszek Wojciechowski.
260 ## - STREFA ADRESU WYDAWNICZEGO
Data publikacji, dystrybucji/powstania dokumentu 1977.
500 ## - UWAGI OGÓLNE
Tekst uwagi Dane z kartoteki bpp.
650 #0 - HASŁO PRZEDMIOTOWE W FORMIE NAZWY OGÓLNEJ LUB JEDNOSTKOWEJ
Nazwa ogólna lub geograficzna Studenci - kultura fizyczna.
650 #0 - HASŁO PRZEDMIOTOWE W FORMIE NAZWY OGÓLNEJ LUB JEDNOSTKOWEJ
Nazwa ogólna lub geograficzna Sprawność fizyczna.
773 ## - TYTUŁ DOKUMENTU MACIERZYSTEGO
Wyrażenie wprowadzające W :
Tytuł Prace Naukowe Politechniki Wrocławskiej Instytutu Organizacji i Zarządzania. -
Informacje dotyczące relacji 1977, nr 17, s. 131-136
942 ## - HASŁO DODATKOWE - ELEMENTY(KOHA)
Typ dokumentu Artykuł
Schemat klasyfikacji Uniwersalna klasyfikacja dziesiętna

Brak dostępnych egzemplarzy.

© 2014 Biblioteka Politechniki Koszalińskiej :: BIBLIOGRAFIA PRAC PRACOWNIKÓW